|
|
|
|
| LEADER |
02551nem a22004932a 4500 |
| 001 |
mzk03001046949 |
| 003 |
CZ BrMZK |
| 005 |
20100909110747.0 |
| 007 |
aj|ca||| |
| 008 |
070314q17181750ne ij|||||a|||r|0|||freod |
| 034 |
1 |
|
|a a
|b 10000
|d E0033700
|e E0040000
|f N0502700
|g N0501300
|
| 040 |
|
|
|a BOA001
|b cze
|
| 041 |
0 |
|
|a fre
|a dut
|
| 043 |
|
|
|a e-fr---
|
| 072 |
|
7 |
|a 355/359
|x Vojenství. Obrana země. Ozbrojené síly
|2 Konspekt
|9 15
|
| 072 |
|
7 |
|a 912:904
|x Staré mapy
|2 Konspekt
|9 7
|
| 080 |
|
|
|a (084.3)
|2 MRF
|
| 080 |
|
|
|a (44)
|2 MRF
|
| 080 |
|
|
|a 355.483
|2 MRF
|
| 080 |
|
|
|a 912.43:069.5
|2 MRF
|
| 100 |
1 |
|
|a Schenk, Petrus,
|d 1693-1775
|7 ola2009522880
|4 aut
|
| 245 |
1 |
0 |
|a Territoire de Mons dans la Comté du Hainaut, ou l'on peut voir la Victorieuse Bataille des Alliez contre les François. donneé le 11. Septembre 1709. avec Privilege
|h [kartografický dokument] :
|b Het Land van Bergen int Graafschap Henegouwe waar in men kan naa zien de Victorieuse Bataillie der Geallieerden tegens de Franse, Bevogten voorgevallen den 11. September 1709. met Privilegie /
|c Nunc apud Petrum Schenk Iunior
|
| 246 |
3 |
1 |
|a Land van Bergen int Graafschap Henegouwe waar in men kan naa zien de Victorieuse Bataillie der Geallieerden tegens de Franse, Bevogten voorgevallen den 11. September 1709. met Privilegie
|
| 255 |
|
|
|a Měřítko [ca 1:80 000]. 6,6 cm = 1 d'Un heures de Chemin
|c (003°37´00" v.d.--004°00´00" v.d./050°27´00" s.š.--050°13´00" s.š.)
|
| 260 |
|
|
|a [Amsterdam] :
|b Petrus Schenk Iunior,
|c [mezi 1718 a 1750]
|
| 300 |
|
|
|a 1 mapa :
|b mědirytina, ručně kolorovaná ;
|c 46 x 54,5 cm na listu 56 x 66 cm
|
| 500 |
|
|
|a Výzdoba: U dolního okraje měřítko a pole s komentářem, v mapovém rámci geografické souřadnice, nad mapovým rámcem lišta s nápisem
|
| 510 |
4 |
|
|a Kuchař, K. Mapová sbírka B.P. Molla,
|c s. 261
|
| 546 |
|
|
|a Název francouzsky a holandsky
|
| 655 |
|
7 |
|a historické mapy
|7 fd186723
|2 czenas
|
| 650 |
0 |
7 |
|a bojiště
|7 ph210498
|2 czenas
|
| 650 |
0 |
4 |
|a Mollova mapová sbírka
|
| 650 |
0 |
7 |
|a mapové sbírky
|z Česko
|7 ph182407
|2 czenas
|
| 610 |
2 |
7 |
|a Moravská zemská knihovna (Brno, Česko).
|b Mapová sbírka B.P. Molla
|7 mzk2005304487
|2 czenas
|
| 651 |
|
7 |
|a Francie
|7 ge129152
|2 czenas
|
| 651 |
|
4 |
|a Mons-oblast (Belgie)
|
| 856 |
4 |
1 |
|u http://mapy.mzk.cz/mzk03/001/046/949/2619268075
|y Digitalizovaný dokument
|
| 903 |
|
|
|a RP
|
| 910 |
|
|
|a BOA001
|b Moll-0002.165
|
| 978 |
|
|
|b Schenk, Peter
|a Amsterdam
|c 1718-1750
|
| 984 |
|
|
|a Amsterdam
|b Nizozemsko
|
| 985 |
|
|
|a 1701-1750
|
| 990 |
|
|
|a MP
|
| 991 |
|
|
|k mzk
|